000 00907naa a22002657a 4500
001 BR7704505
003 BR-BrBNA
005 20240918174028.0
007 ta
008 230509b bl.||||| |||| 00| 0 por d
040 _aBR-BrBNA
_bpor
_cBiblioteca Nacional de Agricultura
041 _a(Pt)
072 _aQ20
_b9410
090 _aQ20 BR7704505
100 1 _aMuller, E.E.
245 1 _aBacteriologia do leite in natura
260 3 _aLondrina, PR (Brasil):
_c[nd].
500 _aAmaral, J.F. do (ed.) Leite Londrina, PR (Brasil): [nd]. p. 140-143 (BR7704505-AM)Q20
650 _aBACTERIA
650 _aLEITE
650 _aCONTAMINACAO BACTERIANA
773 0 _t(*)Documento disponível na(o)A questao do leite [comercializacao, industrializacao, Parana, Brasil].
_aCarrao, M.
_w9410 BR1300032
_gCuritiba, PR (Brasil), 1913.
_q31 p.
909 _a202404
_bLucia
_c55
_dLucia Elande
942 _cAM
_2AGRIS
999 _c308449
_d308449